000 00305nam a22001337a 4500
008 170204b xxu||||| |||| 00| 0 eng d
020 _a9780827350106
041 _aeng
080 _24TH
_a61
100 _a3
101 _aSHM
245 _aINTRODUCTION TO HEALTH SERVICES
_cWILLIAMS, S.J
942 _2udc
_cBK
999 _c4645
_d4645